Giáo dục công dân 12 : Sách giáo viên

Giới thiệu những vấn đề chung về dạy học môn giáo dục công dân ở trung học phổ thông và hướng dẫn dạy học các bài cụ thể lớp 12.

Spremljeno u:
Bibliografski detalji
Glavni autor: Mai, Văn Bính
Format: Knjiga
Jezik:Undetermined
Izdano: Hà Nội Giáo dục Việt Nam 2013
Teme:
Oznake: Dodaj oznaku
Bez oznaka, Budi prvi tko označuje ovaj zapis!
Thư viện lưu trữ: Trung tâm Học liệu Trường Đại học Cần Thơ
LEADER 00948nam a2200229Ia 4500
001 CTU_236682
008 210402s9999 xx 000 0 und d
020 |c 9500 
082 |a 370.1150712 
082 |b B312 
100 |a Mai, Văn Bính 
245 0 |a Giáo dục công dân 12 : 
245 0 |b Sách giáo viên 
245 0 |c Mai Văn Bính (Tổng chủ biên) 
260 |a Hà Nội 
260 |b Giáo dục Việt Nam 
260 |c 2013 
520 |a Giới thiệu những vấn đề chung về dạy học môn giáo dục công dân ở trung học phổ thông và hướng dẫn dạy học các bài cụ thể lớp 12. 
650 |a Giáo dục học,Education,Morality and society,Đạo đức và xã hội 
650 |x Dạy và học (Trung học),Study and teaching (Secondary) 
904 |i Hải 
980 |a Trung tâm Học liệu Trường Đại học Cần Thơ